00506nam a2200157Ia 4500003000900000008004100009040001600050080001500066100001900081245010100100260003500201300001000236490006500246650002500311650001200336IN-BaIIA211028s9999 xx 000 0 eng d cIIA Library a526.6bNIE aNiethammer, Th 0aDie genauen methoden der astronomisch-geographischen ortsbestimmungbband IIcTh. Niethammer  aBaselbVerlag Birkhauserc1947 a181p. aLehrbucher und monographien aus dem gebiete der exakten wiss aAstronomical geodesy aGeodesy